000 00777nam a2200193 i 4500
001 57279
003 ES-MaACL
005 20250812082607.0
008 031015s1911 sp a |||| | spa d
100 1 _aDomenech, Rafael.
_945083
245 1 0 _aExposición Nacional de Arte Decorativo organizada por el Círculo de Bellas Artes de Madrid
_b: extracto de la revista "Pequeñas monografías de arte" /
_cRafael Domenech.
260 _a[Madrid :
_bPequeñas monografías de arte],
_c1911.
300 _a112 p. :
_bil. ;
_c28 cm.
597 _aEncuadernado con la revista: Pequeñas monografías de arte.
610 2 4 _aCírculo de Bellas Artes (Madrid)
_92817
650 7 _aArtes decorativas
_2embne
_9135625
852 _aES-MaACL
_jC-2111(2)
999 _c57279
_d57279